Možnosti stužovania kaučukových zmesí pomocou zinkových solí kyseliny akrylovej a metakrylovej

Salvato in:
Dettagli Bibliografici
Autore principale: Masliková, Kristína (Autore)
Altri autori: Kruželák, Ján (Relatore della tesi)
Natura: Manoscritto Libro
Lingua:slovacco
Pubblicazione: 2018
Soggetti:
Accesso online:http://is.stuba.sk/zp/portal_zp.pl?podrobnosti=128797
Tags: Aggiungi Tag
Nessun Tag, puoi essere il primo ad aggiungerne!!

MARC

LEADER 00000ntm a22000003a 4500
001 stuzp63166
003 SK-STU
005 20180602210353.4
007 ta
008 150427s2015----xo-----f-mn---000-0-slo-d
040 |a STU  |b slo 
041 0 |a slo 
100 1 |a Masliková, Kristína  |u 049370  |4 aut  |U FCHPT Ústav prírodných a syntetických polymérov  |T FCHPT Oddelenie plastov, kaučuku a vlákien  |X 61439  |U C9370  |Y 128  |7 61439 
242 0 1 |a Possibilities of elastomer compounds reinforcement with zinc salts of acrylic and methacrylic acids  |y eng 
245 1 0 |a Možnosti stužovania kaučukových zmesí pomocou zinkových solí kyseliny akrylovej a metakrylovej 
260 |c 2018 
650 4 |a butadiénakrylonitrilový kaučuk  |2 slo 
650 4 |a dikumyl peroxid  |2 slo 
650 4 |a kovulkanizačné činidlá  |2 slo 
650 4 |a sírny vulkanizačný systém  |2 slo 
650 4 |a peroxidový vulkanizačný systém  |2 slo 
650 4 |a acrylonitrile-butadiene rubber  |2 eng 
650 4 |a dicumyl peroxide  |2 eng 
650 4 |a co-agents  |2 eng 
650 4 |a sulfur curing system  |2 eng 
650 4 |a peroxide curing system  |2 eng 
700 1 |a Kruželák, Ján  |u 049370  |k Z1  |4 ths  |U FCHPT Ústav prírodných a syntetických polymérov  |T FCHPT Oddelenie plastov, kaučuku a vlákien  |X 25508  |U C9370  |Y 128  |7 A000025508 
856 4 |u http://is.stuba.sk/zp/portal_zp.pl?podrobnosti=128797